Districts et capitales du canton de Fribourg - Statistiques

Statistiques générales
  • Ce quiz a été pris 559 fois
  • Le résultat moyen est 6 sur 7
Statistiques - réponses
Réponse Réponse % Correct
Gruyère Bulle
96%
Sarine Fribourg
96%
Veveyse Chatel-St-Denis
81%
Lac Morat
80%
Glâne Romont
80%
Broie Estavayer-le-lac
71%
Singine Tafers / Tavel
68%
Aucun quiz correspondant
Distribution des résultats
% des personnes avec chaque résultat
Percentile par nombre de réponses
Votre historique - résultats
Vous n’avez pas pris ce quiz